10 Najbardziej zaludnionych państw świata - Statystyki

Ogólne statystyki
  • Ten quiz został rozwiązany 32 razy
  • Średni wynik to 7 z 10
Statystyki odpowiedzi
Liczba ludności Państwo % Poprawnych
1,42 mld Chiny
96%
144 mln Rosja
96%
347 mln Stany Zjednoczone
93%
213 mln Brazylia
89%
1,46 mld Indie
89%
238 mln Nigeria
67%
255 mln Pakistan
67%
286 mln Indonezja
59%
176 mln Bangladesz
52%
135 mln Etiopia
33%
Nie znaleziono quizów pasujących do podanych kryteriów
Rozkład punktacji
Procent ludzi z każdym wynikiem
Percentyl według liczby udzielonych odpowiedzi
Twoja historia wyników
Nie rozwiązałeś tego quizu